লোডিং...

Effective public relations

গ্রন্থ-পঞ্জীর বিবরন
প্রধান লেখক: Cutlip, Scott M.
বিন্যাস: Printed Book
ভাষা:English
প্রকাশিত: Singapore Pearson education 2005
সংস্করন:8th ed.
বিষয়গুলি:
LEADER 00543nam a22001697a 4500
005 20151215124837.0
008 090828t xxu||||| |||| 00| 0 eng d
082 |a 659.2  |b CUT 
100 |a Cutlip, Scott M.  |9 356 
245 |a Effective public relations 
250 |a 8th ed. 
300 |a xx, 588p. 
653 |a Public relations 
942 |c BK  |6 _ 
260 |a Singapore  |b Pearson education  |c 2005 
999 |c 92773  |d 92773 
952 |0 0  |1 0  |2 ddc  |4 0  |6 6592_CUT  |7 0  |9 116389  |a SMS  |b SMS  |c GEN  |d 2009-08-28  |l 2  |o 659.2 CUT  |p SMS022936  |r 2013-04-18  |s 2013-04-05  |w 2009-08-28  |y BK